| 000 | 01115cad a22002055a 4500 | ||
|---|---|---|---|
| 001 | E142430 | ||
| 008 | 08013 e20080211stk f s000 0 eng d | ||
| 035 | _a(Sirsi) u142430 | ||
| 041 | 0 | _aeng | |
| 110 | 1 |
_aScotland _bScottish Government _95344 |
|
| 245 | 0 | 0 |
_aCrofting areas consultation _h[electronic resource] |
| 260 | _c2008 | ||
| 490 | 0 |
_aScottish Government News Release _v11 February 2008 |
|
| 520 | _aAnnounces that Scottish Government officials will host two public meetings to discuss the possible extension of crofting tenure which form part of the public consultation on proposals to extend crofting tenure to include the islands of Arran and Cumbrae and the remaining parts of the Highlands and Islands not currently designated. The meetings will be held in Grantown-on-Spey on February 19, and on Arran, on March 10. | ||
| 590 | _aKA | ||
| 651 | 4 |
_aScotland _y1999- |
|
| 690 | _aPROPERTY-RURAL AND NATURAL ASSETS-AGRICULTURAL PROPERTY-AGRICULTURAL LAND | ||
| 856 | 4 | 1 |
_uhttps://www.scotland.gov.uk/News/Releases/2008/02/11164514 _zView the item free of charge at www.scotland.gov.uk... |
| 942 | _n0 | ||
| 999 |
_c79813 _d79813 |
||